[Event "BUL-ch"]
[Site "Elenite"]
[Date "1987.??.??"]
[Round "2"]
[White "Ermenkov, Evgenij"]
[Black "Gryncharov, Georgi"]
[Result "1-0"]
[WhiteElo "2445"]
[BlackElo "2220"]

1.e4 c5 2.Nf3 Nc6 3.d4 cxd4 4.Nxd4 Qc7 5.Nc3 e6 6.Be2 a6 7.O-O Nf6 8.Kh1 b5
9.Nxc6 dxc6 10.f4 b4 11.e5 bxc3 12.exf6 gxf6 13.Qe1 f5 14.Qxc3 Rg8 15.Bf3 Bb7
16.Be3 c5 17.Rad1 Rc8 18.b3 Be7 19.Bc1 h5 20.Bxb7 Qxb7 21.Qf3 Qc7 22.Qxh5 c4
23.Qf3 Rg4 24.Be3 Bf6 25.b4 Kf8 26.a4 Rb8 27.c3 Kg7 28.a5 Rh8 29.Bb6 Qb8
30.Rd7 Rhh4 31.g3 Rh3 32.Kg2 Qh8 33.Bg1 Kg6 34.Rc1 Bh4 35.Rc2 Bxg3 36.hxg3 Qh4
37.Bf2 Rh2+ 38.Kg1 Qh3 39.Rd8 Rh4 40.gxh4 Qxf3 41.Kxh2 Qxf4+ 42.Bg3 Qe4 43.Rg2 Kf6
44.Rf2 e5 45.Re8  1-0

[Event "Espoo"]
[Site "Espoo"]
[Date "1987.??.??"]
[Round "10"]
[White "Ebeling, Mika"]
[Black "Pulkkinen, Kari"]
[Result "1/2-1/2"]
[WhiteElo "2275"]
[BlackElo "2240"]

1.e4 c5 2.Nf3 Nc6 3.d4 cxd4 4.Nxd4 Qb6 5.Nb3 Nf6 6.Nc3 e6 7.Be3 Qc7 8.f4 d6
9.Qf3 a6 10.Bd3 b5 11.O-O Bb7 12.Rae1 Be7 13.Qg3 g6 14.e5 Nh5 15.Qf2 dxe5
16.fxe5 O-O 17.Bh6 Nxe5 18.Bxf8 Rxf8 19.Be2 Ng7 20.Bf3 Nxf3+ 21.gxf3 Nf5
22.Rd1 Bh4 23.Qc5 Qf4 24.Rd3 Bg3  1/2-1/2

[Event "Graz op"]
[Site "Graz"]
[Date "1987.??.??"]
[Round "3"]
[White "Lendwai, Reinhard"]
[Black "Barlov, Dragan"]
[Result "1-0"]
[WhiteElo "2270"]
[BlackElo "2555"]

1.e4 c5 2.Nf3 Nc6 3.d4 cxd4 4.Nxd4 Qb6 5.Nb3 Nf6 6.Nc3 e6 7.Bd3 a6 8.O-O Qc7
9.a4 b6 10.f4 d6 11.Qe2 Bb7 12.Bd2 Be7 13.Rae1 Nb4 14.e5 Nxd3 15.cxd3 Nd7
16.f5 dxe5 17.fxe6 fxe6 18.Qg4 Nf6 19.Qxe6 Qc6 20.Qxc6+ Bxc6 21.Rxe5 Kf7
22.Nd4 Bb7 23.Nf5 Bf8 24.Bg5 h6 25.Bh4 Rd8 26.d4 Rd7 27.h3 Rd8 28.Re2 Kg6
29.Ref2 Rd7 30.Nxg7 Ne4 31.Rxf8 Rxf8 32.Rxf8 Kxg7 33.Rb8 Nd6 34.Rd8 Rxd8
35.Bxd8 b5 36.Bc7 Nc4 37.b3 Nd2 38.b4 Ne4 39.Nxe4 Bxe4 40.a5 h5 41.Kf2 Kg6
42.g4 hxg4 43.hxg4 Bd5 44.Kg3 Kf6 45.Kf4 Bc4 46.g5+ Ke6 47.g6 Kf6 48.g7 Kxg7
49.Ke5 Kf7 50.Kd6 Bd3 51.Kc6 Ke8  1-0

[Event "New York op"]
[Site "New York"]
[Date "1987.??.??"]
[Round "?"]
[White "Barua, Dibyendu"]
[Black "Barlov, Dragan"]
[Result "0-1"]
[WhiteElo "2450"]
[BlackElo "2495"]

1.e4 c5 2.Nf3 Nc6 3.d4 cxd4 4.Nxd4 Qb6 5.Nb3 Nf6 6.Nc3 e6 7.Be3 Qc7 8.f4 d6
9.Bd3 a6 10.a4 b6 11.O-O Bb7 12.Qe2 Be7 13.Qf2 Nd7 14.Qg3 O-O 15.Qh3 Nb4
16.Rac1 Nc5 17.Nxc5 bxc5 18.f5 exf5 19.Qxf5 c4 20.Be2 Bf6 21.Bf3 Rfe8 22.Rfe1 Re5
23.Qh3 Re7 24.Qg3 Rae8 25.Kh1 Be5 26.Qg4 Re6 27.Bd2 Rg6 28.Qh4 Bxc3 29.bxc3 Nc6
30.Be3 Ne5 31.Bh5 Rge6 32.Bd4 Ng6 33.Bxg6 hxg6 34.e5 dxe5 35.Bg1 Qc6 36.Qg5 Qxa4
37.Rb1 Bd5 38.Re2 Qc6 39.Rd2 Be4 40.Rb6 Qc8 41.Rb4 a5 42.Rb5 Qa6 43.Rc5 Bc6
44.Qh4 a4 45.Qxc4 Qa8 46.Qb4 Rd6 47.Re2 Bxg2+ 48.Rxg2 Rd2 49.Qg4 a3 50.Rc4 Rxg2  0-1

[Event "NLD-chT"]
[Site "NLD"]
[Date "1987.??.??"]
[Round "?"]
[White "Timmerman, Gert J"]
[Black "Piket, Jeroen"]
[Result "0-1"]
[WhiteElo "2310"]
[BlackElo "2405"]

1.e4 c5 2.Nf3 Nc6 3.d4 cxd4 4.Nxd4 Qb6 5.Nb3 Nf6 6.Nc3 e6 7.Bg5 Be7 8.Qd2 a6
9.Be2 Qc7 10.O-O b5 11.a3 Bb7 12.Rad1 Rd8 13.f4 d6 14.Qe3 h6 15.Bh4 b4 16.axb4 Nxb4
17.Rd2 d5 18.Bxf6 gxf6 19.exd5 Nxd5 20.Nxd5 Rxd5 21.Bf3 Rxd2 22.Qxd2 f5 23.Qa5 Qxa5
24.Nxa5 Be4 25.Bxe4 fxe4 26.f5 Bc5+ 27.Kh1 Kd7 28.Nc4 f6 29.Nd2 e3 30.Ne4 Bd4
31.c3 Be5 32.Nc5+ Ke7 33.Nxe6 Rb8 34.Re1 Rxb2 35.g3 e2 36.Nd4 Bxd4 37.cxd4 a5
38.Kg2 a4 39.Ra1 e1=Q+  0-1

[Event "Pancevo"]
[Site "Pancevo"]
[Date "1987.??.??"]
[Round "?"]
[White "Rajna, George"]
[Black "Cabrilo, Goran"]
[Result "0-1"]
[WhiteElo "2520"]
[BlackElo "2470"]

1.e4 c5 2.Nf3 Nc6 3.d4 cxd4 4.Nxd4 Qb6 5.Nb3 Nf6 6.Nc3 e6 7.a3 d6 8.Be2 Be7
9.O-O O-O 10.Be3 Qc7 11.f4 a6 12.Bf3 b5 13.g4 Re8 14.g5 Nd7 15.Bg2 Rb8 16.Rf3 b4
17.axb4 Rxb4 18.Rh3 Nf8 19.Qh5 a5 20.f5 Ne5 21.Rf1 g6 22.fxg6 fxg6 23.Qh4 Bd8
24.Nd4 Ba6 25.Rd1 Rxb2 26.Bf2 Nf7 27.e5 dxe5 28.Nxe6 Rxe6 29.Bd5 Nxg5 30.Bxe6+ Nfxe6
31.Nd5 Qxc2 32.Ne3 Nxh3+  0-1

[Event "Porabka"]
[Site "Porabka"]
[Date "1987.??.??"]
[Round "7"]
[White "Riemersma, Liafbern"]
[Black "Carlier, Bruno"]
[Result "1/2-1/2"]
[WhiteElo "2395"]
[BlackElo "2360"]

1.e4 c5 2.Nf3 Nc6 3.d4 cxd4 4.Nxd4 Qb6 5.Nb3 Nf6 6.Nc3 e6 7.Bd3 Be7 8.Be3 Qc7
9.f4 d6 10.g4 a6 11.g5 Nd7 12.Qh5 b5 13.O-O-O g6 14.Qh3 b4 15.Nd5 exd5 16.exd5 Nc5
17.Qh6 Nxb3+ 18.axb3 Na5 19.Qg7 Rf8 20.Rde1 Bb7 21.f5 O-O-O 22.f6 Bxf6 23.Qxf6 Nxb3+
24.Kb1 Nc5 25.Bc4 Rfe8 26.Bf4 Nd7 27.Qd4 Qc5 28.Qd3 Ne5 29.Bxe5 Rxe5 30.Bxa6 Qxd5
31.Qh3+ Qe6 32.Bxb7+ Kxb7 33.Qh4 b3 34.Qb4+ Kc7 35.Qc3+ Kd7 36.Rxe5 bxc2+
37.Kxc2 dxe5 38.Rd1+ Ke8 39.Rxd8+ Kxd8 40.Qa5+ Ke8 41.Qa8+ Ke7 42.Qa3+ Ke8  1/2-1/2

[Event "Bohemians"]
[Site "Prague"]
[Date "1987.??.??"]
[Round "?"]
[White "Prandstetter, Eduard"]
[Black "Damjanovic, Mato"]
[Result "0-1"]
[WhiteElo "2430"]
[BlackElo "2325"]

1.e4 c5 2.Nf3 Nc6 3.d4 cxd4 4.Nxd4 Qc7 5.Nb5 Qb8 6.c4 Nf6 7.N5c3 e6 8.f4 d6
9.Be2 Be7 10.Be3 O-O 11.O-O b6 12.g4 Rd8 13.g5 Nd7 14.Nd2 Bb7 15.a3 Bf8 16.b4 g6
17.f5 Re8 18.f6 a5 19.b5 Nce5 20.Rf4 d5 21.Rh4 Qd6 22.exd5 exd5 23.cxd5 Nf3+
24.Bxf3 Rxe3 25.Na4 Ne5 26.Bg2 Rxa3 27.Rxa3 Qxa3 28.Qe2 Qc1+ 29.Kf2 Re8 30.Rd4 Ng4+
31.Rxg4 Rxe2+ 32.Kxe2 Bb4 33.Nc4 Qc2+ 34.Ke3 Qxa4 35.d6 Qb3+ 36.Kd4 Bc5+
37.Ke5 Qc3+  0-1

[Event "Bohemians"]
[Site "Prague"]
[Date "1987.??.??"]
[Round "?"]
[White "Zelic, Zdravko"]
[Black "Damjanovic, Mato"]
[Result "1-0"]
[WhiteElo "2405"]
[BlackElo "2325"]

1.e4 c5 2.Nf3 Nc6 3.d4 cxd4 4.Nxd4 Qc7 5.Nc3 e6 6.Be2 a6 7.O-O Nf6 8.Kh1 Bb4
9.Nxc6 bxc6 10.f4 d5 11.e5 Nd7 12.Na4 O-O 13.c4 Be7 14.Be3 Bb7 15.Rc1 Qd8
16.Bf3 a5 17.Rf2 Ba6 18.cxd5 cxd5 19.Rfc2 Rb8 20.Rc7 Bb5 21.Ba7 Ra8 22.Be2 Bxa4
23.Qxa4 Nc5 24.Qc6 Ne4 25.Rd7 Rxa7 26.Rxd8 Rxd8 27.g3 g6 28.Kg2 Rb8 29.b3 a4
30.bxa4 Kg7 31.Bb5 h5 32.h3 Bd8 33.Qc2 Ba5 34.Qd3  1-0

[Event "Primorsko op"]
[Site "Primorsko"]
[Date "1987.??.??"]
[Round "8"]
[White "Antonov, Vladimir"]
[Black "Danailov, Silvio"]
[Result "1-0"]
[WhiteElo "2320"]
[BlackElo "2395"]

1.e4 c5 2.Nf3 Nc6 3.d4 cxd4 4.Nxd4 Qb6 5.Nb3 Nf6 6.Nc3 e6 7.Bd3 a6 8.O-O Qc7
9.f4 d6 10.Qe2 Be7 11.Bd2 b5 12.Rae1 b4 13.Nd1 e5 14.Ne3 exf4 15.Rxf4 a5
16.c3 O-O 17.Nd4 Ne5 18.Ndf5 Bxf5 19.Nxf5 Bd8 20.Kh1 Qb8 21.Bb5 g6 22.Nd4 Qb6
23.Nc2 Rb8 24.Ba4 Nfd7 25.Bxd7 Nxd7 26.cxb4 Bg5 27.Rf3 Bxd2 28.Qxd2 axb4
29.Rd3 Ne5 30.Rxd6 Qc7 31.Ne3 Qa7 32.Nd5 Nc4 33.Qh6 f6 34.Nxf6+  1-0

[Event "Pucarevo zt"]
[Site "Pucarevo"]
[Date "1987.??.??"]
[Round "1"]
[White "Yilmaz, Turham"]
[Black "Barlov, Dragan"]
[Result "0-1"]
[WhiteElo "2375"]
[BlackElo "2495"]

1.e4 c5 2.Nf3 Nc6 3.d4 cxd4 4.Nxd4 Qc7 5.Nb5 Qb8 6.c4 Nf6 7.N1c3 e6 8.Be3 b6
9.Rc1 Bb7 10.f3 Be7 11.Qd2 a6 12.Na3 Bd6 13.g3 Bc7 14.Bg2 O-O 15.O-O d6 16.Qf2 Ne5
17.Rfd1 Bc6 18.b4 b5 19.c5 Nfd7 20.Nd5 exd5 21.exd5 Bb7 22.c6 Bc8 23.cxd7 Bxd7
24.h3 a5 25.f4 axb4 26.Nxb5 Bxb5 27.fxe5 Ra3 28.exd6 Bxd6 29.Bf4 Bd7 30.Rd4 Qb6
31.Bxd6 Qxd6 32.Rf4 Rfa8 33.Rc2 f5 34.Rb2 R8a4 35.Kh2 h6 36.h4 Rc3 37.Rb3 Rxb3
38.axb3 Ra3 39.Qc2 g5 40.Rc4 f4 41.gxf4 gxf4 42.Bf3 Qf6 43.Qf2 Rxb3 44.Bg2 f3
45.Qg3+ Kh8 46.Qb8+ Kh7 47.Rf4 Qe7 48.Qf8 Qxf8 49.Rxf8 Kg7 50.Rb8 Rb2 51.Rb7 Rxg2+
52.Kh1 Kf6 53.Rxd7 b3  0-1

[Event "BUL-ch (Women)"]
[Site "Sofia"]
[Date "1987.??.??"]
[Round "8"]
[White "Vitanova, Razalina"]
[Black "Genova, Ruzka"]
[Result "1-0"]
[WhiteElo "2085"]
[BlackElo "2185"]

1.e4 c5 2.Nf3 Nc6 3.d4 cxd4 4.Nxd4 Qc7 5.Nc3 e6 6.Be3 Nf6 7.Be2 Be7 8.O-O O-O
9.f4 d6 10.Kh1 Bd7 11.Qe1 Nxd4 12.Bxd4 Bc6 13.Bd3 Rad8 14.Qg3 e5 15.fxe5 Nh5
16.Qe3 dxe5 17.Bxa7 Qd6 18.Ne2 g6 19.a3 Kh8 20.Bb6 Rd7 21.b4 f5 22.Bc5 Qf6
23.b5 Rxd3 24.cxd3 Bxb5 25.Bxe7 Qxe7 26.Nc3 f4 27.Qd2 Ba6 28.Nd5 Qh4 29.Rf3 Rc8
30.Kg1 Qd8 31.Rc1 g5 32.Rff1 Rc6 33.Rxc6 bxc6 34.Nb4 Bb5 35.Qc3 Qd6 36.Rc1 Nf6
37.Nxc6 Ng4 38.Nb4 Qb6+ 39.Qc5 Qf6 40.Qc8+ Kg7 41.Qxg4 Qb6+ 42.Kh1 h6 43.Nd5  1-0

[Event "St Ingbert op"]
[Site "St Ingbert"]
[Date "1987.??.??"]
[Round "6"]
[White "Howell, James C"]
[Black "Komljenovic, Davor"]
[Result "1-0"]
[WhiteElo "2380"]
[BlackElo "2410"]

1.e4 c5 2.Nf3 Nc6 3.d4 cxd4 4.Nxd4 Qc7 5.Nc3 e6 6.f4 d6 7.Be3 Nf6 8.Be2 Be7
9.O-O a6 10.Qe1 Bd7 11.Qg3 O-O 12.Kh1 Kh8 13.a3 b5 14.Bd3 Rad8 15.Rae1 Qb8
16.e5 dxe5 17.Nxc6 Bxc6 18.fxe5 Nh5 19.Qh3 Qxe5 20.Bd2 Qc5 21.b4 Qd6 22.Qxh5 g6
23.Qh6 e5 24.Qe3 f6 25.Bc1 Rf7 26.Bb2 Bf8 27.Rd1 Qe6 28.Ne4 Bxe4 29.Bxe4 Rfd7
30.Rxd7 Rxd7 31.Bd3 Bg7 32.Qc5 Rd8 33.Qc7 Rc8 34.Qb7 f5 35.h3 Rd8 36.Qc7 Re8
37.Qb7 Rd8 38.Rd1 Bf6 39.Be2 Rxd1+ 40.Bxd1 e4 41.Qb8+ Kg7 42.Qc7+ Kf8 43.Bxf6 Qxf6
44.c3 Qe6 45.Qd8+ Kg7 46.Qd4+ Kh6 47.a4 bxa4 48.Bxa4 Qa2 49.Qe3+ Kg7 50.Bc6 h5
51.h4 a5 52.Qa7+ Kh6 53.Qd4 Kh7 54.b5 a4 55.Qa7+ Kh6 56.Qd4 Kh7 57.b6 a3
58.Bd5 Qb1+ 59.Kh2 Qe1 60.Qf6 Qf2 61.Qf7+  1-0

[Event "Warsaw zt-A"]
[Site "Warsaw"]
[Date "1987.??.??"]
[Round "?"]
[White "Radulov, Ivan"]
[Black "Andonov, Bogomil"]
[Result "1/2-1/2"]
[WhiteElo "2430"]
[BlackElo "2450"]

1.e4 c5 2.Nf3 Nc6 3.d4 cxd4 4.Nxd4 Qb6 5.Nb3 Nf6 6.Nc3 e6 7.Bd3 Bb4 8.O-O Bxc3
9.bxc3 d6 10.Ba3 Qc7 11.f4 e5 12.f5 b6 13.Bb5 Ke7 14.Qe2 a6 15.Bd3 Nb8 16.Rad1 Nbd7
17.Bc4 Nc5 18.Bd5 Bb7 19.Nxc5 bxc5 20.c4 Bxd5 21.exd5 Qa5 22.Rf3 Rab8 23.Bc1 h6
24.Ra3 Qb6 25.Rb3 Qc7 26.Bd2 Qd7 27.Qd3 Rhe8 28.Rdb1 Rxb3 29.axb3 Kf8 30.Bc3 Kg8
31.Rf1 Kh7 32.Qe3 Ra8 33.Ba5 Rg8 34.Bd2 Ra8  1/2-1/2

[Event "Wch Girls U20"]
[Site "Adelaide"]
[Date "1988.??.??"]
[Round "?"]
[White "Hernandez, Yadira"]
[Black "Galliamova, Alisa"]
[Result "0-1"]
[WhiteElo "2005"]
[BlackElo "2250"]

1.e4 c5 2.Nf3 Nc6 3.d4 cxd4 4.Nxd4 Qb6 5.Nb3 Nf6 6.Nc3 e6 7.g3 Bb4 8.Be3 Qc7
9.Bg2 Ne5 10.Bd2 Nc4 11.Nb5 Bxd2+ 12.Nxd2 Qa5 13.Qe2 Nxd2 14.Nd6+ Ke7 15.Nxc8+ Rhxc8
16.Qxd2 Qa6 17.e5 Nd5 18.Bxd5 exd5 19.c3 Qc4 20.Qe2 Rc5 21.Qxc4 dxc4 22.f4 Rd5
23.Ke2 f6 24.exf6+ Kxf6 25.Rad1 Rb5 26.Rd2 d5 27.Rhd1 Rd8 28.Kf3 Ra5 29.a3 Rb5
30.h3 a5 31.Re1 Rb3 32.Re5 d4 33.Rc2 d3 34.Rd2 b5 35.Rc5 Re8 36.Rd5 Re1 37.a4 bxa4
38.Rxa5 Ra1 39.Kg4 Ra2 40.h4 Rbxb2  0-1

[Event "Baku"]
[Site "Baku"]
[Date "1988.??.??"]
[Round "?"]
[White "Gallagher, Joseph G"]
[Black "Avshalumov, Alex"]
[Result "1/2-1/2"]
[WhiteElo "2445"]
[BlackElo "2420"]

1.e4 c5 2.Nf3 Nc6 3.d4 cxd4 4.Nxd4 Qb6 5.Nb3 Nf6 6.Nc3 e6 7.Bd3 Be7 8.O-O a6
9.Qe2 Qc7 10.Bd2 b5 11.a3 Bb7 12.f4 d6 13.Kh1 O-O 14.Rae1 b4 15.axb4 Nxb4
16.Nb5 axb5 17.Bxb4 e5 18.Qd2 Rab8 19.fxe5 dxe5 20.Bxe7 Qxe7 21.Qe3 Rfc8  1/2-1/2

[Event "Balatonbereny op"]
[Site "Balatonbereny"]
[Date "1988.??.??"]
[Round "2"]
[White "Wagman, Stuart"]
[Black "Peric, S."]
[Result "1-0"]
[WhiteElo "2230"]
[BlackElo "2255"]

1.e4 c5 2.Nf3 Nc6 3.d4 cxd4 4.Nxd4 Qb6 5.Nb3 Nf6 6.Nc3 e6 7.Be2 Bb4 8.O-O O-O
9.Qd3 a6 10.Bg5 Be7 11.Rad1 Qc7 12.f4 d5 13.e5 Nd7 14.Bxe7 Nxe7 15.Qh3 f5
16.Nd4 Nc5 17.Kh1 Nc6 18.Qe3 Nxd4 19.Qxd4 Kh8 20.g4 g6 21.gxf5 gxf5 22.Nxd5 exd5
23.e6+ Qg7 24.e7 Rg8 25.Rg1 Ne6 26.Rxg7 Nxg7 27.Rg1 Be6 28.h4 Bf7 29.h5 Rac8  1-0

[Event "Balatonbereny op"]
[Site "Balatonbereny"]
[Date "1988.??.??"]
[Round "7"]
[White "Tolnai, Tibor"]
[Black "Peric, S."]
[Result "1-0"]
[WhiteElo "2465"]
[BlackElo "2255"]

1.e4 c5 2.Nf3 Nc6 3.d4 cxd4 4.Nxd4 Qb6 5.Nb3 Nf6 6.Nc3 e6 7.Be3 Qc7 8.Bd3 a6
9.f4 d6 10.Qf3 Be7 11.g4 b5 12.g5 Nd7 13.O-O-O Bb7 14.Kb1 O-O-O 15.Qf2 Nb4
16.Rhe1 Kb8 17.Bf1 Nc5 18.Bd4 Na4 19.a3 Nc6 20.Nxa4 Nxd4 21.Rxd4 bxa4 22.Rxa4 d5
23.Bxa6 Qc6 24.Bxb7 Qxa4 25.Bxd5 exd5 26.Qb6+ Kc8 27.Na5 Rd6 28.Qb7+ Kd8
29.exd5 Re8 30.Nc6+ Rxc6 31.dxc6  1-0

[Event "Berlin op"]
[Site "Berlin-West"]
[Date "1988.??.??"]
[Round "8"]
[White "Klundt, Klaus"]
[Black "Lorenz, Sascha"]
[Result "0-1"]
[WhiteElo "2410"]
[BlackElo "2225"]

1.e4 c5 2.Nf3 Nc6 3.d4 cxd4 4.Nxd4 Qb6 5.Nb3 Nf6 6.Nc3 e6 7.Bd3 d6 8.O-O a6
9.Kh1 Be7 10.f4 h5 11.Qe2 Ng4 12.Bd2 Bf6 13.Rae1 Bd7 14.g3 Nd4 15.Nxd4 Bxd4
16.Nd1 Qc7 17.c3 Ba7 18.h3 Nf6 19.Kh2 Bc6 20.c4 Rb8 21.Nc3 Kf8 22.Be3 Bxe3
23.Qxe3 b5 24.c5 b4 25.Nd1 d5 26.e5 Ng4+ 27.hxg4 hxg4+ 28.Kg1 d4 29.Qxd4 Rd8
30.Qc4 Rh1+ 31.Kf2 Rh2+  0-1

[Event "Bern"]
[Site "Bern"]
[Date "1988.??.??"]
[Round "?"]
[White "King, Daniel J"]
[Black "Wirthensohn, Heinz"]
[Result "1-0"]
[WhiteElo "2475"]
[BlackElo "2425"]

1.e4 c5 2.Nf3 Nc6 3.d4 cxd4 4.Nxd4 Qb6 5.Nb3 Nf6 6.Nc3 e6 7.Bd3 a6 8.Be3 Qc7
9.f4 d6 10.Qf3 b5 11.O-O-O Bb7 12.Kb1 Na5 13.Nxa5 Qxa5 14.g4 O-O-O 15.g5 Nd7
16.a3 Kb8 17.Qf2 Be7 18.Bd4 e5 19.fxe5 dxe5 20.Ba7+ Ka8 21.Nd5 Bxd5 22.exd5 Bd6
23.Be3 g6 24.Qxf7 b4 25.Bd2 Qb6 26.axb4 e4 27.Bxe4 Rhe8 28.Rhe1 Bxb4 29.d6+ Ka7
30.Be3 Bc5 31.Bxc5 Qxc5 32.Qxh7 Re5 33.Bxg6 Rxe1 34.Rxe1 Qxd6 35.Bf5 Kb7
36.Qe7  1-0

[Event "URS-ch otbor56"]
[Site "Blagoveshchensk"]
[Date "1988.??.??"]
[Round "?"]
[White "Sorokin, Maxim"]
[Black "Karasev, Vladimir I"]
[Result "1-0"]
[WhiteElo "2390"]
[BlackElo "2330"]

1.e4 c5 2.Nf3 Nc6 3.d4 cxd4 4.Nxd4 Qb6 5.Nb3 Nf6 6.Nc3 e6 7.Qe2 Bb4 8.Bd2 O-O
9.a3 Bxc3 10.Bxc3 e5 11.O-O-O Re8 12.g4 d5 13.exd5 Bxg4 14.f3 Nd4 15.Nxd4 exd4
16.Bxd4 Qd6 17.Qf2 Qf4+ 18.Rd2 Bxf3 19.Bxf6 Re4 20.Bg2 Re2 21.Qd4 Re4 22.Rf1 Rae8
23.Qg1 Re2 24.Bc3 Qxd2+ 25.Bxd2 Rxg2 26.Qd4 f6  1-0

[Event "URS-ch otbor56"]
[Site "Blagoveshchensk"]
[Date "1988.??.??"]
[Round "?"]
[White "Kuzmin, Alexey"]
[Black "Karasev, Vladimir I"]
[Result "1/2-1/2"]
[WhiteElo "2470"]
[BlackElo "2330"]

1.e4 c5 2.Nf3 Nc6 3.d4 cxd4 4.Nxd4 Qb6 5.Nb3 Nf6 6.Nc3 e6 7.Bd3 Bb4 8.O-O O-O
9.Bg5 Bxc3 10.bxc3 Ne8 11.Qh5 f6 12.Be3 Qc7 13.f4 d6 14.Rad1 f5 15.exf5 exf5
16.Qh3 Be6 17.Rfe1 Qf7 18.a4 Nc7 19.Nd4 Nxd4 20.Bxd4 Bd5 21.Qg3 Ne6 22.Re3 Nxd4
23.cxd4 Rac8 24.Qg5 h6 25.Qe7 Qf6 26.Qxf6 Rxf6 27.Rb1 Rf7 28.Rb5 Be4 29.Bxe4 fxe4
30.c3 Rxf4  1/2-1/2

[Event "JUG-chT (Women)"]
[Site "Brezovica"]
[Date "1988.??.??"]
[Round "?"]
[White "Puljek Salai, Zorica"]
[Black "Ristic, Eleonora"]
[Result "1-0"]
[WhiteElo "2215"]
[BlackElo "2110"]

1.e4 c5 2.Nf3 Nc6 3.d4 cxd4 4.Nxd4 Qb6 5.Nb3 Nf6 6.Nc3 e6 7.Bd3 a6 8.O-O Be7
9.a4 Qc7 10.f4 d6 11.a5 O-O 12.Be3 Nd7 13.Na4 Bf6 14.c3 g6 15.Nb6 Nxb6 16.Bxb6 Qd7
17.Bc2 Bd8 18.Bxd8 Qxd8 19.f5 Ne5 20.f6 h5 21.Qd2 Kh7 22.Qg5 Qc7 23.Rae1 b6
24.Rf4 Rh8 25.Rh4 Kg8 26.Bd1 Kf8 27.g4 bxa5 28.gxh5 Qb6+ 29.Nd4 Qxb2 30.hxg6 Rxh4
31.g7+ Kg8 32.Qxh4 Ng6 33.Qg3 Bb7 34.Bh5 Qd2 35.Rd1 Qh6 36.Bxg6 fxg6  1-0

[Event "Budapest"]
[Site "Budapest"]
[Date "1988.??.??"]
[Round "?"]
[White "Vancsura, Zoltan"]
[Black "Lau, Ralf"]
[Result "0-1"]
[WhiteElo "2295"]
[BlackElo "2540"]

1.e4 c5 2.Nf3 Nc6 3.d4 cxd4 4.Nxd4 Qc7 5.Be3 e6 6.Nc3 a6 7.f4 Nxd4 8.Qxd4 b5
9.Be2 Bb7 10.O-O Rc8 11.Rad1 Nf6 12.Bf3 h5 13.h3 h4 14.e5 Nh5 15.Bxb7 Qxb7
16.f5 Ng3 17.fxe6 dxe6 18.Bg5 Qc7 19.Kh2 Nxf1+ 20.Rxf1 Rh5 21.Ne4 Bc5 22.Nd6+  0-1

[Event "Dortmund-A (Women)"]
[Site "Dortmund"]
[Date "1988.??.??"]
[Round "?"]
[White "Erenska Radzewska, Hanna"]
[Black "Makropoulou, Marina"]
[Result "1-0"]
[WhiteElo "2275"]
[BlackElo "2325"]

1.e4 c5 2.Nf3 Nc6 3.d4 cxd4 4.Nxd4 Qc7 5.Nc3 e6 6.Be3 a6 7.Be2 Nf6 8.O-O b5
9.a3 Bb7 10.Nb3 d6 11.f4 Be7 12.Qe1 O-O 13.Bd3 b4 14.Na4 bxa3 15.bxa3 Na7
16.Bd4 Nb5 17.Bb2 e5 18.Kh1 Bc6 19.fxe5 dxe5 20.Qg3 Nd7 21.Nac5 Bd6 22.a4 Nd4
23.Nxa6 Rxa6 24.Bxa6 Bxe4 25.Bd3 Bxd3 26.Qxd3 Nc5 27.Nxc5 Bxc5 28.c3 Ne6
29.Bc1 Kh8 30.a5 Rd8 31.Qe4 f6 32.a6 Ba7 33.Be3 Nc5 34.Qc4 Qd6 35.h3 Rd7
36.Rfb1 h6 37.Rb5 Ne6 38.Bxa7 Rxa7 39.Rb7 Rxb7 40.axb7 Kh7 41.Qe4+ g6 42.Ra8 Nc5  1-0

[Event "Dortmund-B"]
[Site "Dortmund"]
[Date "1988.??.??"]
[Round "?"]
[White "Mainka, Gregor"]
[Black "Martinovic, Slobodan"]
[Result "1-0"]
[WhiteElo "2260"]
[BlackElo "2460"]

1.e4 c5 2.Nf3 Nc6 3.d4 cxd4 4.Nxd4 Qb6 5.Nb3 Nf6 6.Nc3 e6 7.Bd3 Be7 8.O-O d6
9.Be3 Qc7 10.f4 a6 11.Qf3 O-O 12.g4 Nb4 13.g5 Nd7 14.Qh5 g6 15.Qh6 Re8 16.Rad1 b5
17.a3 Nxd3 18.Rxd3 Bf8 19.Qh4 Bb7 20.Bd4 e5 21.fxe5 Nxe5 22.Rh3 h5 23.gxh6 Kh7
24.Qf4 Re7 25.Nd2 Qd7 26.Nf3 Nxf3+ 27.Rfxf3 f5 28.Qg5 Rf7 29.Rfg3 Qe6 30.Nd5 fxe4  1-0

[Event "DSV-Turnier"]
[Site "Dresden"]
[Date "1988.??.??"]
[Round "?"]
[White "Lanc, Alois"]
[Black "Gruenberg, Hans Ulrich"]
[Result "0-1"]
[WhiteElo "2435"]
[BlackElo "2470"]

1.e4 c5 2.Nf3 Nc6 3.d4 cxd4 4.Nxd4 Qb6 5.Nb3 Nf6 6.Nc3 e6 7.Bd3 a6 8.f4 d6
9.Qf3 Be7 10.g4 Qc7 11.g5 Nd7 12.Be3 b5 13.O-O Nc5 14.Nxc5 dxc5 15.a4 b4
16.Nb1 Na5 17.f5 c4 18.Be2 exf5 19.exf5 Bb7 20.Qf2 O-O 21.Nd2 c3 22.bxc3 bxc3
23.Nf3 Nc4 24.Bxc4 Qxc4 25.Qh4 Qc6 26.Rab1 Rfe8 27.Rxb7 Qxb7 28.f6 Bf8 29.g6 h6
30.Bd4 Rad8 31.fxg7 Bxg7 32.Bxg7 Kxg7 33.Ne5 Qb6+ 34.Kh1 Rxe5  0-1

[Event "Esbjerg-B"]
[Site "Esbjerg"]
[Date "1988.??.??"]
[Round "5"]
[White "Thomas, Ian"]
[Black "Dobosz, Henryk"]
[Result "1/2-1/2"]
[WhiteElo "2325"]
[BlackElo "2410"]

1.e4 c5 2.Nf3 Nc6 3.d4 cxd4 4.Nxd4 Qb6 5.Nb3 Nf6 6.Nc3 e6 7.Be3 Qc7 8.a3 Be7
9.f4 d6 10.Bd3 a6 11.Na4 d5 12.Nb6 Rb8 13.e5 Nd7 14.Nxd7 Bxd7 15.Qg4 g6 16.O-O Na5
17.Nxa5 Qxa5 18.b4 Qa4 19.Qg3 Rc8 20.Bd4 Bb5 21.c3 h5 22.Rfc1 Bxd3 23.Qxd3 Rc4
24.g3 Kd7 25.h3 Kc8 26.Rcb1 Kd7 27.Rb2  1/2-1/2

[Event "FIN-EST"]
[Site "?"]
[Date "1988.??.??"]
[Round "1"]
[White "Maki, Veijo"]
[Black "Karner, Hillar"]
[Result "1/2-1/2"]
[WhiteElo "2365"]
[BlackElo "2390"]

1.e4 c5 2.Nf3 Nc6 3.d4 cxd4 4.Nxd4 Qb6 5.Nb5 Nf6 6.N1c3 a6 7.Na3 Qd8 8.Be3 b5
9.Nd5 Rb8 10.Nxf6+ gxf6 11.Be2 Bg7 12.c3 f5 13.O-O fxe4 14.Qd5 Bb7 15.Qg5 Bf6
16.Qh6 Qc7 17.Nc2 Ne5 18.Bf4 Rg8 19.Bg3 d6 20.Ne3 Qd7 21.Rfd1 Qe6 22.Qxh7 Rh8
23.Qf5 Qxf5 24.Nxf5 Nc4 25.Rab1 Bc8 26.Nd4 Bd7 27.a4 Kf8 28.axb5 axb5 29.b3 Ne5
30.Ra1 b4 31.cxb4 Rxb4 32.Ra7 Kg7 33.Bxe5 Bxe5 34.Rxd7 Bxh2+ 35.Kf1 Be5 36.Nf5+ Kf6
37.g4 Rxb3 38.Ne3 Rh1+ 39.Kg2 Rh2+ 40.Kg1 Rb2 41.Nf1 Rh3 42.Rd2 Rhb3 43.Bc4 Rb4
44.Rxb2 Rxb2 45.Ne3 e6 46.Ba6 Bf4 47.Bb7 Bxe3 48.fxe3 Re2  1/2-1/2

[Event "Dreszer mem"]
[Site "Gdynia"]
[Date "1988.??.??"]
[Round "6"]
[White "Stratil, Ladislav Jr"]
[Black "Kocovski, Ivan"]
[Result "1/2-1/2"]
[WhiteElo "2430"]
[BlackElo "2330"]

1.e4 c5 2.Nf3 Nc6 3.d4 cxd4 4.Nxd4 Qb6 5.Nb3 Nf6 6.Nc3 e6 7.Bd3 a6 8.Qe2 d6
9.f4 Qc7 10.O-O b5 11.a3 Bb7 12.Kh1 Be7 13.Bd2 O-O 14.Rae1 b4 15.axb4 Nxb4
16.Nb5 axb5 17.Bxb4 e5 18.Qd2 Bc6 19.Na5 Be8 20.Qc3 Qb6 21.Nb3 Ng4 22.Qd2 Ra4
23.h3 Nf2+ 24.Rxf2 Rxb4 25.Qxb4 Qxf2 26.Rf1 Qh4 27.fxe5 dxe5 28.Qc3 Bd7 29.Qxe5 Bf6
30.Qd6 Rd8 31.Qf4 Qxf4 32.Rxf4 Bxb2 33.Rf1 Be5 34.Kg1 Kf8 35.Kf2 Rc8 36.Ke2 Ke7
37.Rb1 h5 38.Nd2 Rc5 39.Nb3 Rc7 40.Nd2 Rc5 41.Nb3 Rc8 42.Nd2  1/2-1/2

[Event "Dreszer mem"]
[Site "Gdynia"]
[Date "1988.??.??"]
[Round "8"]
[White "Juroszek, Tadeusz"]
[Black "Kocovski, Ivan"]
[Result "0-1"]
[WhiteElo "2415"]
[BlackElo "2330"]

1.e4 c5 2.Nf3 Nc6 3.d4 cxd4 4.Nxd4 Qb6 5.Nb3 Nf6 6.Nc3 e6 7.Be3 Qc7 8.Bd3 a6
9.O-O Be7 10.f4 d6 11.Qf3 O-O 12.g4 b5 13.g5 Nd7 14.f5 Nde5 15.Qg3 Re8 16.Rf4 Nb4
17.f6 Bf8 18.Raf1 g6 19.Bd2 Nexd3 20.cxd3 e5 21.R4f2 Be6 22.Nxb5 axb5 23.Bxb4 Rxa2
24.Nc1 Ra1 25.Ne2 Rxf1+ 26.Kxf1 Qc2 27.Nc3 Qb3 28.Ba5 b4 29.Nb5 Ra8 30.Bc7 Ra1+
31.Kg2 Qd1  0-1

[Event "Dreszer mem"]
[Site "Gdynia"]
[Date "1988.??.??"]
[Round "11"]
[White "Bernard, Ryszard"]
[Black "Kocovski, Ivan"]
[Result "1/2-1/2"]
[WhiteElo "2345"]
[BlackElo "2330"]

1.e4 c5 2.Nf3 Nc6 3.d4 cxd4 4.Nxd4 Qb6 5.Nb3 Nf6 6.Nc3 e6 7.Bd3 a6 8.O-O Be7
9.Kh1 Qc7 10.Bg5 b5 11.f4 d6 12.Qe2 Bb7 13.a4 b4 14.Nd1 O-O 15.Ne3 a5 16.Rae1 Qd8
17.Rd1 Nd7 18.Bxe7 Qxe7 19.Nc4  1/2-1/2

[Event "Haninge"]
[Site "Haninge"]
[Date "1988.??.??"]
[Round "?"]
[White "Wedberg, Tom"]
[Black "Barlov, Dragan"]
[Result "1/2-1/2"]
[WhiteElo "2475"]
[BlackElo "2520"]

1.e4 c5 2.Nf3 Nc6 3.d4 cxd4 4.Nxd4 Qc7 5.Nc3 e6 6.g3 a6 7.Bg2 d6 8.O-O Nxd4
9.Qxd4 Ne7 10.f4 Nc6 11.Qf2 Be7 12.Be3 b5 13.Bb6 Qb8 14.e5 d5 15.f5 O-O 16.f6 gxf6
17.exf6 Bxf6 18.Nxd5 exd5 19.Bxd5 Bd7 20.Qxf6 Qxb6+ 21.Rf2 Be6 22.Qg5+ Kh8
23.Qf6+  1/2-1/2